[Event "NB II. Toth Laszlo csoport"]
[Site "Bekesszentandras"]
[Date "2023.10.08"]
[Round "1.4"]
[White "Bogar, Attila"]
[Black "Papp, Balazs"]
[Result "0-1"]
[WhiteElo "1775"]
[BlackElo "2059"]
[PlyCount "72"]
[EventDate "2023.10.08"]
[EventType "team-tourn"]
[EventRounds "9"]
[EventCountry "HUN"]
[Source "chess.hu"]
[WhiteTeam "Bekesszentandras-KuTE"]
[BlackTeam "Maroczy SE II."]
[WhiteTeamCountry "HUN"]
[BlackTeamCountry "HUN"]

1. d4 d5 2. Nf3 Nf6 3. c4 c6 4. Nc3 e6 5. Bg5 Nbd7 6. e3 Qa5 7. Bxf6 Nxf6 8.
Nd2 Bb4 9. Qc2 O-O 10. Be2 Re8 11. O-O e5 12. dxe5 Rxe5 13. Nf3 Bxc3 14. Qxc3
Qxc3 15. bxc3 Re7 16. Rac1 Be6 17. Nd2 Rd8 18. Rfd1 Red7 19. c5 Rc7 20. Nb3 Nd7
21. f4 g6 22. h3 h5 23. Rf1 f5 24. c4 Re8 25. Rfe1 Nf6 26. cxd5 Bxd5 27. Bc4
Rce7 28. Bxd5+ Nxd5 29. Kf2 Nxe3 30. Na5 Nd5 31. Rxe7 Rxe7 32. Rb1 Nxf4 33.
Nxb7 Nd3+ 34. Kf3 f4 35. g4 Re3+ 36. Kg2 f3+ 0-1

[Event "NB II. Toth Laszlo csoport"]
[Site "Bekesszentandras"]
[Date "2023.10.08"]
[Round "1.5"]
[White "Linczer, Janos"]
[Black "Radics, Laszlo"]
[Result "1-0"]
[WhiteElo "2068"]
[BlackElo "1837"]
[PlyCount "53"]
[EventDate "2023.10.08"]
[EventType "team-tourn"]
[EventRounds "9"]
[EventCountry "HUN"]
[Source "chess.hu"]
[WhiteTeam "Maroczy SE II."]
[BlackTeam "Bekesszentandras-KuTE"]
[WhiteTeamCountry "HUN"]
[BlackTeamCountry "HUN"]

1. e4 c5 2. Nf3 Nc6 3. d4 cxd4 4. Nxd4 e5 5. Nf3 Nf6 6. Bd3 Bc5 7. O-O O-O 8.
h3 d5 9. exd5 Nxd5 10. Be4 Nde7 11. Qe2 Qc7 12. Bg5 f6 13. Qc4+ Kh8 14. Qxc5
fxg5 15. Nxg5 h6 16. Nf3 Be6 17. Nc3 a6 18. Rfe1 Rad8 19. Rad1 b6 20. Qe3 Rxd1
21. Rxd1 Nf5 22. Bxf5 Rxf5 23. a3 Qf7 24. Ne4 Rf4 25. Rd3 Qg6 26. Nfd2 Nd4 27.
Rxd4 1-0

[Event "NB II. Toth Laszlo csoport"]
[Site "Bekesszentandras"]
[Date "2023.10.08"]
[Round "1.6"]
[White "Zsirmik, Zsombor"]
[Black "Borus, Andras"]
[Result "1/2-1/2"]
[WhiteElo "1510"]
[BlackElo "2014"]
[PlyCount "53"]
[EventDate "2023.10.08"]
[EventType "team-tourn"]
[EventRounds "9"]
[EventCountry "HUN"]
[Source "chess.hu"]
[WhiteTeam "Bekesszentandras-KuTE"]
[BlackTeam "Maroczy SE II."]
[WhiteTeamCountry "HUN"]
[BlackTeamCountry "HUN"]

1. e4 c5 2. Nc3 d6 3. d3 Nc6 4. g3 g6 5. Bg2 Bg7 6. Bd2 e6 7. f4 Nge7 8. Nf3
Rb8 9. O-O O-O 10. Kh1 b5 11. Rb1 a5 12. Ne2 Nd4 13. Nfxd4 cxd4 14. c3 e5 15.
cxd4 exd4 16. Qe1 b4 17. Qf2 Qb6 18. Rbc1 f5 19. b3 Be6 20. Ng1 Rfc8 21. Nf3
Kh8 22. Rfe1 Bg8 23. e5 dxe5 24. Nxe5 Qd6 25. Nc4 Qd8 26. Ne5 Qd6 27. Nc4
1/2-1/2

[Event "NB II. Toth Laszlo csoport"]
[Site "Bekesszentandras"]
[Date "2023.10.08"]
[Round "1.7"]
[White "Ohat, Imre"]
[Black "Kovacs, Tibor T"]
[Result "1/2-1/2"]
[WhiteElo "1948"]
[BlackElo "1657"]
[PlyCount "86"]
[EventDate "2023.10.08"]
[EventType "team-tourn"]
[EventRounds "9"]
[EventCountry "HUN"]
[Source "chess.hu"]
[WhiteTeam "Maroczy SE II."]
[BlackTeam "Bekesszentandras-KuTE"]
[WhiteTeamCountry "HUN"]
[BlackTeamCountry "HUN"]

1. e4 e6 2. d4 d5 3. Bd3 dxe4 4. Bxe4 Nf6 5. Bd3 Nbd7 6. Nf3 b6 7. O-O Bb7 8.
Re1 Be7 9. Nbd2 O-O 10. Nf1 h6 11. Ng3 c5 12. c3 Bd6 13. Be3 Nd5 14. Qe2 Nxe3
15. fxe3 Bxg3 16. hxg3 Bxf3 17. gxf3 Qg5 18. Kg2 cxd4 19. cxd4 Nf6 20. f4 Qd5+
21. Qf3 Qxf3+ 22. Kxf3 a5 23. Rac1 Rfc8 24. Be4 Nxe4 25. Kxe4 Kf8 26. g4 Ke7
27. Rc3 Rxc3 28. bxc3 Rc8 29. Kd3 Kd6 30. c4 g6 31. Rh1 Rh8 32. e4 h5 33. e5+
Kc6 34. Ke4 h4 35. f5 gxf5+ 36. gxf5 h3 37. fxe6 fxe6 38. d5+ Kd7 39. Rh2 Rh4+
40. Kd3 Rh5 41. Kd4 Rh4+ 42. Kd3 Rh5 43. Kd4 Rh4+ 1/2-1/2

[Event "NB II. Toth Laszlo csoport"]
[Site "Bekesszentandras"]
[Date "2023.10.08"]
[Round "1.8"]
[White "Aczel-Szabo, Csongor"]
[Black "Tenk, Zoltan"]
[Result "1-0"]
[WhiteElo "1355"]
[BlackElo "1790"]
[PlyCount "57"]
[EventDate "2023.10.08"]
[EventType "team-tourn"]
[EventRounds "9"]
[EventCountry "HUN"]
[Source "chess.hu"]
[WhiteTeam "Bekesszentandras-KuTE"]
[BlackTeam "Maroczy SE II."]
[WhiteTeamCountry "HUN"]
[BlackTeamCountry "HUN"]

1. d4 d5 2. Bf4 Nf6 3. e3 e6 4. Nf3 c5 5. c3 Be7 6. a3 O-O 7. Nbd2 Nc6 8. Bd3
a6 9. O-O b5 10. Ne5 Bb7 11. Ndf3 Ne4 12. Nxc6 Bxc6 13. Ne5 Bb7 14. Qg4 f5 15.
Qe2 c4 16. Bc2 Bf6 17. Bxe4 dxe4 18. a4 Qd5 19. Ra2 Be7 20. axb5 axb5 21. Rfa1
Bf6 22. Rxa8 Rxa8 23. Rxa8+ Bxa8 24. Qh5 Qd8 25. Qf7+ Kh8 26. Qxe6 Bxe5 27.
Bxe5 Qf8 28. d5 h6 29. Qxh6+ 1-0

[Event "NB II. Toth Laszlo csoport"]
[Site "Bekesszentandras"]
[Date "2023.10.08"]
[Round "1.9"]
[White "Tornyai, Jeno"]
[Black "Fulajtar, Istvan"]
[Result "1-0"]
[WhiteElo "1757"]
[BlackElo "1484"]
[PlyCount "51"]
[EventDate "2023.10.08"]
[EventType "team-tourn"]
[EventRounds "9"]
[EventCountry "HUN"]
[Source "chess.hu"]
[WhiteTeam "Maroczy SE II."]
[BlackTeam "Bekesszentandras-KuTE"]
[WhiteTeamCountry "HUN"]
[BlackTeamCountry "HUN"]

1. d4 Nf6 2. Nc3 e6 3. e4 d6 4. f4 Be7 5. Nf3 Nc6 6. a3 a6 7. Bd3 h6 8. O-O O-O
9. e5 Ne8 10. Ne4 dxe5 11. fxe5 Nxd4 12. Be3 Nxf3+ 13. Qxf3 f5 14. exf6 Nxf6
15. Nxf6+ Rxf6 16. Qe4 Rf5 17. g4 Rxf1+ 18. Rxf1 Bf6 19. h4 Qd6 20. Rf3 Qd5 21.
Qh7+ Kf7 22. Kg2 Ke7 23. g5 hxg5 24. Be4 Qe5 25. Rxf6 Kxf6 26. Bxg5+ 1-0

[Event "NB II. Toth Laszlo csoport"]
[Site "Bekesszentandras"]
[Date "2023.10.08"]
[Round "1.10"]
[White "Lantos, Laszlo"]
[Black "Szamko, Hanna"]
[Result "0-1"]
[WhiteElo "1455"]
[BlackElo "1614"]
[PlyCount "82"]
[EventDate "2023.10.08"]
[EventType "team-tourn"]
[EventRounds "9"]
[EventCountry "HUN"]
[Source "chess.hu"]
[WhiteTeam "Bekesszentandras-KuTE"]
[BlackTeam "Maroczy SE II."]
[WhiteTeamCountry "HUN"]
[BlackTeamCountry "HUN"]

1. e4 d5 2. exd5 Qxd5 3. Nc3 Qa5 4. Qe2 c6 5. Nf3 Bf5 6. d3 e6 7. Qe5 Qxe5+ 8.
Nxe5 f6 9. Nc4 Na6 10. Ne3 Bg6 11. Be2 Ne7 12. a3 Nc5 13. b4 Nd7 14. Bb2 Nf5
15. Nxf5 Bxf5 16. Bf3 Be7 17. Be4 Bg6 18. Bxg6+ hxg6 19. Ne4 Rd8 20. O-O-O a5
21. c3 Ne5 22. Kc2 f5 23. f4 Ng4 24. Ng5 Ne3+ 25. Kb3 Nxd1 26. Rxd1 Bxg5 27.
fxg5 Rxh2 28. Rd2 Rh5 29. c4 Kf7 30. Be5 axb4 31. Bf4 bxa3 32. Kxa3 e5 33. Bxe5
Rxg5 34. g3 Rg4 35. Kb4 b5 36. Ra2 Rxd3 37. Ra7+ Ke6 38. Bxg7 Rxc4+ 39. Ka5
Ra3+ 40. Kb6 Rxa7 41. Kxa7 b4 0-1

[Event "NB II. Toth Laszlo csoport"]
[Site "Kiskunfelegyhaza"]
[Date "2023.10.08"]
[Round "1.1"]
[White "Oltean, Cristian-Daniel"]
[Black "Kovacs, Zoltan"]
[Result "1/2-1/2"]
[WhiteElo "2043"]
[BlackElo "2065"]
[PlyCount "74"]
[EventDate "2023.10.08"]
[EventType "team-tourn"]
[EventRounds "9"]
[EventCountry "HUN"]
[Source "chess.hu"]
[WhiteTeam "Gyulai SE"]
[BlackTeam "Felegyhaza-Csongrad"]
[WhiteTeamCountry "HUN"]
[BlackTeamCountry "HUN"]

1. e4 e6 2. d3 d5 3. Nd2 c5 4. Ngf3 Nc6 5. g3 Bd6 6. Bg2 Nge7 7. O-O Bd7 8. Re1
Qc7 9. Qe2 f6 10. Nf1 O-O-O 11. h4 h6 12. c3 d4 13. cxd4 cxd4 14. a3 e5 15. b4
Kb8 16. Bd2 Rc8 17. Rec1 Qd8 18. b5 Na5 19. Rcb1 Be6 20. Qd1 g5 21. Rb2 Rh7 22.
Qb1 Bc5 23. Qd1 Ng6 24. h5 Nf8 25. N3h2 Nd7 26. Bf3 Bb6 27. Bg4 Nc5 28. Bxe6
Nxe6 29. Ng4 Nc5 30. Bb4 Qd6 31. Rc1 Qe6 32. Qf3 Nxd3 33. Rxc8+ Qxc8 34. Nxf6
Nxb2 35. Nxh7 Nac4 36. Nxg5 Bc5 37. Bxc5 Qxc5 1/2-1/2

[Event "NB II. Toth Laszlo csoport"]
[Site "Kiskunfelegyhaza"]
[Date "2023.10.08"]
[Round "1.2"]
[White "Solymosi, Andras"]
[Black "Tamas, Kornel"]
[Result "1-0"]
[WhiteElo "2130"]
[BlackElo "2021"]
[PlyCount "77"]
[EventDate "2023.10.08"]
[EventType "team-tourn"]
[EventRounds "9"]
[EventCountry "HUN"]
[Source "chess.hu"]
[WhiteTeam "Felegyhaza-Csongrad"]
[BlackTeam "Gyulai SE"]
[WhiteTeamCountry "HUN"]
[BlackTeamCountry "HUN"]

1. Nf3 c5 2. g3 Nc6 3. d4 cxd4 4. Nxd4 Nf6 5. Bg2 g6 6. O-O Bg7 7. c4 O-O 8.
Nc3 Ng4 9. Nc2 d6 10. Bd2 Be6 11. b3 Qd7 12. Rc1 h5 13. Nd5 Nh6 14. Nf4 Nf5 15.
Ne1 a5 16. Ned3 Rfc8 17. Nxe6 Qxe6 18. Nf4 Qd7 19. Nd5 Ra6 20. Bc3 Bxc3 21.
Rxc3 Nb4 22. Bh3 Nxd5 23. Qxd5 Rc5 24. Bxf5 gxf5 25. Qd2 Qe6 26. Qg5+ Kf8 27.
Qxh5 Qf6 28. Rd3 a4 29. Qf3 Rb6 30. bxa4 Rxc4 31. a5 Rbc6 32. Rb3 Rc3 33. Rxc3
Qxc3 34. Qxf5 e6 35. Qb5 Rc5 36. Qxb7 Rxa5 37. Qb8+ Ke7 38. Rb1 Rxa2 39. Rb7+
1-0

[Event "NB II. Toth Laszlo csoport"]
[Site "Kiskunfelegyhaza"]
[Date "2023.10.08"]
[Round "1.3"]
[White "Gombos, Janos"]
[Black "Pacal, Mihaly"]
[Result "1/2-1/2"]
[WhiteElo "1957"]
[BlackElo "2128"]
[PlyCount "37"]
[EventDate "2023.10.08"]
[EventType "team-tourn"]
[EventRounds "9"]
[EventCountry "HUN"]
[Source "chess.hu"]
[WhiteTeam "Gyulai SE"]
[BlackTeam "Felegyhaza-Csongrad"]
[WhiteTeamCountry "HUN"]
[BlackTeamCountry "HUN"]

1. e4 d5 2. exd5 Qxd5 3. Nc3 Qd6 4. d4 Nf6 5. Nb5 Qb6 6. Nf3 Bg4 7. h3 Bh5 8.
c4 c6 9. Nc3 Bxf3 10. gxf3 e6 11. Qb3 Nbd7 12. Be3 Qxb3 13. axb3 Be7 14. Rg1 g6
15. Bh6 a6 16. Be2 O-O-O 17. O-O-O Rhe8 18. Ne4 Nxe4 19. fxe4 1/2-1/2

[Event "NB II. Toth Laszlo csoport"]
[Site "Kiskunfelegyhaza"]
[Date "2023.10.08"]
[Round "1.6"]
[White "Kemeny, Csaba"]
[Black "Cretu, Sorin-Alexandru"]
[Result "1-0"]
[WhiteElo "2056"]
[BlackElo "1749"]
[PlyCount "91"]
[EventDate "2023.10.08"]
[EventType "team-tourn"]
[EventRounds "9"]
[EventCountry "HUN"]
[Source "chess.hu"]
[WhiteTeam "Felegyhaza-Csongrad"]
[BlackTeam "Gyulai SE"]
[WhiteTeamCountry "HUN"]
[BlackTeamCountry "HUN"]

1. d4 Nf6 2. f4 d5 3. Nf3 Bf5 4. e3 e6 5. Bd3 Be4 6. O-O c5 7. c3 Bxd3 8. Qxd3
Nc6 9. Nbd2 Bd6 10. Ne5 O-O 11. Rf3 cxd4 12. exd4 Re8 13. Rh3 g6 14. Ndf3 Bf8
15. Ng5 Re7 16. Be3 h6 17. Nexf7 Rxf7 18. Nxe6 Qe8 19. Qxg6+ Kh8 20. Ng5 Re7
21. Qxf6+ Kg8 22. Bf2 Bg7 23. Qf5 hxg5 24. Qxd5+ Qf7 25. Qxg5 Re2 26. d5 Ne7
27. Bd4 Nf5 28. Bxg7 Nxg7 29. b3 Qc7 30. Rg3 Rf8 31. Rf1 Rxa2 32. f5 Ra6 33. h4
Raf6 34. c4 Rxf5 35. Rxf5 Rxf5 36. Qg6 Rf4 37. h5 Qc5+ 38. Kh2 Rh4+ 39. Rh3
Rxh3+ 40. Kxh3 Qe3+ 41. g3 Qf3 42. h6 Qf5+ 43. Qg4 Qf1+ 44. Kh4 Qf6+ 45. Qg5
Qd4+ 46. Kh3 1-0

[Event "NB II. Toth Laszlo csoport"]
[Site "Kiskunfelegyhaza"]
[Date "2023.10.08"]
[Round "1.7"]
[White "Gurzo, Bence Bendeguz"]
[Black "Nagy, Jozsef"]
[Result "1-0"]
[WhiteElo "1616"]
[BlackElo "1855"]
[PlyCount "129"]
[EventDate "2023.10.08"]
[EventType "team-tourn"]
[EventRounds "9"]
[EventCountry "HUN"]
[Source "chess.hu"]
[WhiteTeam "Gyulai SE"]
[BlackTeam "Felegyhaza-Csongrad"]
[WhiteTeamCountry "HUN"]
[BlackTeamCountry "HUN"]

1. f4 Nf6 2. Nf3 d6 3. g3 c5 4. Bg2 Nc6 5. d3 Bd7 6. Nc3 Qc8 7. e4 Bh3 8. O-O
Bxg2 9. Kxg2 e5 10. a3 Be7 11. Nd5 Bd8 12. fxe5 Nxe5 13. Nxe5 dxe5 14. Nxf6+
Bxf6 15. Bh6 Qe6 16. Qf3 O-O 17. Qf5 Rfe8 18. Rf3 Bd8 19. Be3 Rc8 20. Rd1 Rc6
21. g4 b6 22. Rdf1 Qxf5 23. Rxf5 f6 24. h4 c4 25. Kh3 cxd3 26. cxd3 Rd6 27. Rd1
Bc7 28. Rf2 Red8 29. Rfd2 Kf7 30. Kg2 Ke6 31. Kf3 g6 32. Rc1 Bb8 33. Rc3 f5 34.
Bg5 fxe4+ 35. Kxe4 Rd4+ 36. Ke3 Rf8 37. Rc4 Kd5 38. Rdc2 Rf1 39. Rxd4+ exd4+
40. Ke2 Rh1 41. Kf3 Rh3+ 42. Ke2 Rg3 43. Rc8 Bd6 44. Rd8 Kc6 45. Rxd6+ Kc5 46.
Rd7 h6 47. Be7+ Kc6 48. Rxd4 Rg2+ 49. Kf3 Rxb2 50. Rd6+ Kc7 51. Rxg6 Kd7 52.
Bf8 Rb3 53. Ke3 Ke8 54. Bd6 h5 55. gxh5 Kf7 56. Ke4 Rb1 57. Kf5 Rf1+ 58. Bf4
Rf3 59. h6 Rxf4+ 60. Kxf4 Kxg6 61. Ke5 b5 62. Kd5 a5 63. Kc5 b4 64. axb4 axb4
65. Kxb4 1-0

[Event "NB II. Toth Laszlo csoport"]
[Site "Kiskunfelegyhaza"]
[Date "2023.10.08"]
[Round "1.9"]
[White "Budai, Mate"]
[Black "Kelemen, Sandor"]
[Result "0-1"]
[WhiteElo "1453"]
[BlackElo "1896"]
[PlyCount "96"]
[EventDate "2023.10.08"]
[EventType "team-tourn"]
[EventRounds "9"]
[EventCountry "HUN"]
[Source "chess.hu"]
[WhiteTeam "Gyulai SE"]
[BlackTeam "Felegyhaza-Csongrad"]
[WhiteTeamCountry "HUN"]
[BlackTeamCountry "HUN"]

1. c4 Nf6 2. Nc3 g6 3. e4 d6 4. d3 Bg7 5. Bg5 O-O 6. Qd2 Re8 7. Nf3 c6 8. Be2
Bg4 9. Nd4 Bxe2 10. Ndxe2 Na6 11. Ng3 Qa5 12. O-O Nc7 13. Nce2 Qxd2 14. Bxd2
Nd7 15. Bc3 e5 16. b4 b6 17. Rfd1 Rad8 18. Nf1 d5 19. f3 d4 20. Be1 Ne6 21. h3
h5 22. h4 Bf6 23. g3 g5 24. hxg5 Bxg5 25. Nh2 Kg7 26. Bd2 Bxd2 27. Rxd2 Rh8 28.
Kg2 Rdg8 29. Rg1 Kf6 30. g4 Nf4+ 31. Nxf4 exf4 32. Kf2 Ne5 33. gxh5 Rxg1 34.
Kxg1 Rxh5 35. Ng4+ Nxg4 36. fxg4 Rh3 37. Rf2 Kg5 38. Rd2 Kxg4 39. a4 f3 40. a5
Kg3 41. axb6 axb6 42. c5 b5 43. Ra2 f2+ 44. Rxf2 Rh1+ 45. Kxh1 Kxf2 46. Kh2 Ke3
47. Kg3 Kxd3 48. Kf3 Kc2 0-1

[Event "NB II. Toth Laszlo csoport"]
[Site "Kiskunfelegyhaza"]
[Date "2023.10.08"]
[Round "1.10"]
[White "Hideg, Ferenc Bendeguz"]
[Black "Major, Peter"]
[Result "1/2-1/2"]
[WhiteElo "1774"]
[BlackElo "1313"]
[PlyCount "86"]
[EventDate "2023.10.08"]
[EventType "team-tourn"]
[EventRounds "9"]
[EventCountry "HUN"]
[Source "chess.hu"]
[WhiteTeam "Felegyhaza-Csongrad"]
[BlackTeam "Gyulai SE"]
[WhiteTeamCountry "HUN"]
[BlackTeamCountry "HUN"]

1. d4 Nf6 2. Nf3 g6 3. c4 Bg7 4. Nc3 O-O 5. e4 d6 6. Be2 e5 7. d5 Nbd7 8. O-O
Nc5 9. Qc2 a5 10. b3 Nh5 11. Be3 f5 12. Ne1 Nf6 13. f3 f4 14. Bf2 Ncd7 15. Nd3
Nh5 16. a3 Ndf6 17. b4 g5 18. c5 g4 19. fxg4 Bxg4 20. Bh4 Qe8 21. Nf2 Qg6 22.
Bxf6 Nxf6 23. Bxg4 Nxg4 24. Nxg4 Qxg4 25. Qe2 f3 26. Rxf3 Rxf3 27. Qxf3 Qxf3
28. gxf3 axb4 29. cxd6 bxc3 30. dxc7 Rc8 31. d6 Bf6 32. Rc1 Kf7 33. Rxc3 Ke6
34. Rb3 Kxd6 35. Rb6+ Ke7 36. Rxb7 Kd7 37. Kg2 Rxc7 38. Rb3 Ra7 39. Kg3 Be7 40.
f4 exf4+ 41. Kxf4 Rxa3 42. Rxa3 Bxa3 43. Kf3 Bb2 1/2-1/2

[Event "NB II. Toth Laszlo csoport"]
[Site "Szeged"]
[Date "2023.10.08"]
[Round "1.1"]
[White "Keresztes, Richard"]
[Black "Tapodi, Norman Lajos"]
[Result "1/2-1/2"]
[WhiteElo "2208"]
[BlackElo "2108"]
[PlyCount "67"]
[EventDate "2023.10.08"]
[EventType "team-tourn"]
[EventRounds "9"]
[EventCountry "HUN"]
[Source "chess.hu"]
[WhiteTeam "TAKISZ SE"]
[BlackTeam "Meritum Egyesulet"]
[WhiteTeamCountry "HUN"]
[BlackTeamCountry "HUN"]

1. d4 Nf6 2. Bf4 e6 3. e3 d5 4. Bd3 Bd6 5. Nd2 O-O 6. Ngf3 b6 7. O-O c5 8. Bxd6
Qxd6 9. e4 dxe4 10. Nxe4 Qe7 11. Nxf6+ gxf6 12. dxc5 bxc5 13. Nh4 f5 14. Re1
Qxh4 15. Qf3 Nc6 16. Qxc6 Rb8 17. Qxc5 Rxb2 18. Qxa7 Bb7 19. Qe3 Ra8 20. a3 Bd5
21. Qe5 Qg4 22. Qg3 Ra4 23. f3 Qxg3 24. hxg3 Ba2 25. Re3 Rxa3 26. g4 Rc3 27.
gxf5 exf5 28. Re8+ Kg7 29. Bxf5 h6 30. Ree1 Kf6 31. Be4 Kg5 32. Rad1 f5 33. Bd3
Bc4 34. Rb1 1/2-1/2

[Event "NB II. Toth Laszlo csoport"]
[Site "Szeged"]
[Date "2023.10.08"]
[Round "1.2"]
[White "Retkes, Peter"]
[Black "Keresztes, Mark"]
[Result "1/2-1/2"]
[WhiteElo "2116"]
[BlackElo "1979"]
[PlyCount "75"]
[EventDate "2023.10.08"]
[EventType "team-tourn"]
[EventRounds "9"]
[EventCountry "HUN"]
[Source "chess.hu"]
[WhiteTeam "Meritum Egyesulet"]
[BlackTeam "TAKISZ SE"]
[WhiteTeamCountry "HUN"]
[BlackTeamCountry "HUN"]

1. e4 c5 2. Nf3 d6 3. c3 Nf6 4. Be2 g6 5. O-O Bg7 6. Bb5+ Nc6 7. Re1 O-O 8. d4
Qa5 9. Bf1 Bg4 10. d5 Ne5 11. Nbd2 b5 12. h3 Bxf3 13. Nxf3 Nfd7 14. a3 c4 15.
Nxe5 Bxe5 16. f4 Bg7 17. Be3 Qc7 18. h4 Nc5 19. Bf2 f5 20. exf5 Rxf5 21. g3 a5
22. Qf3 Rb8 23. Bh3 Rff8 24. h5 Nd3 25. Re6 Nxf2 26. Qxf2 gxh5 27. Bg2 b4 28.
axb4 axb4 29. Rc1 bxc3 30. bxc3 Bf6 31. Qe2 Qb6+ 32. Kh2 Qb2 33. Rc2 Qb3 34.
Be4 Rf7 35. Bf5 Rg7 36. Re3 Qb6 37. Be6+ Kh8 38. Bh3 1/2-1/2

[Event "NB II. Toth Laszlo csoport"]
[Site "Szeged"]
[Date "2023.10.08"]
[Round "1.3"]
[White "Szili, Istvan"]
[Black "Palotai, Bendeguz Dr"]
[Result "1/2-1/2"]
[WhiteElo "1938"]
[BlackElo "2063"]
[PlyCount "79"]
[EventDate "2023.10.08"]
[EventType "team-tourn"]
[EventRounds "9"]
[EventCountry "HUN"]
[Source "chess.hu"]
[WhiteTeam "TAKISZ SE"]
[BlackTeam "Meritum Egyesulet"]
[WhiteTeamCountry "HUN"]
[BlackTeamCountry "HUN"]

1. e4 e6 2. d4 d5 3. Nc3 Nf6 4. exd5 exd5 5. Nf3 Bg4 6. Be2 Bd6 7. h3 Bh5 8.
O-O c6 9. Ne5 Bxe2 10. Nxe2 Qc7 11. Nd3 O-O 12. Bf4 Ne4 13. Qc1 b6 14. Bxd6
Qxd6 15. Qf4 Qxf4 16. Nexf4 Nd7 17. f3 Ng3 18. Rfe1 Rfe8 19. Kf2 Nf5 20. c3 Nd6
21. Nb4 Rac8 22. Rxe8+ Nxe8 23. b3 Nd6 24. a4 a5 25. Nbd3 g5 26. Nh5 f6 27. b4
axb4 28. Nxb4 Nc4 29. Ng3 Rc7 30. Nf5 Kf7 31. Ne3 Na5 32. Ke2 Nf8 33. g3 Ne6
34. Kd3 Kg6 35. Re1 Re7 36. Rb1 Nc7 37. Nbc2 Na8 38. f4 Rb7 39. fxg5 fxg5 40.
Ng4 1/2-1/2

[Event "NB II. Toth Laszlo csoport"]
[Site "Szeged"]
[Date "2023.10.08"]
[Round "1.4"]
[White "Varga, Gabor"]
[Black "Donko, Matyas"]
[Result "1-0"]
[WhiteElo "1950"]
[BlackElo "1903"]
[PlyCount "79"]
[EventDate "2023.10.08"]
[EventType "team-tourn"]
[EventRounds "9"]
[EventCountry "HUN"]
[Source "chess.hu"]
[WhiteTeam "Meritum Egyesulet"]
[BlackTeam "TAKISZ SE"]
[WhiteTeamCountry "HUN"]
[BlackTeamCountry "HUN"]

1. e4 c5 2. Nc3 g6 3. g3 Bg7 4. Bg2 Nc6 5. d3 d6 6. Be3 Nf6 7. h3 O-O 8. Nge2
Rb8 9. O-O b5 10. f4 Qc7 11. Qd2 b4 12. Nd1 Nd7 13. f5 Nd4 14. Nf4 Bb7 15. c3
Nb5 16. cxb4 cxb4 17. Qxb4 Ba8 18. Rc1 Qd8 19. Qa4 a6 20. Qxa6 Nc5 21. Bxc5
dxc5 22. fxg6 hxg6 23. Kh2 Qd4 24. a4 Nd6 25. Ne2 Qe5 26. Qa5 Rfc8 27. Rb1 Rb4
28. d4 Nc4 29. Qxb4 cxd4 30. Rc1 Nd6 31. Qxd6 Qxd6 32. Rxc8+ Kh7 33. Rxa8 d3
34. Nec3 f6 35. a5 e6 36. a6 e5 37. Nd5 Kh6 38. N1e3 d2 39. a7 Qc6 40. Rb8 1-0

[Event "NB II. Toth Laszlo csoport"]
[Site "Szeged"]
[Date "2023.10.08"]
[Round "1.5"]
[White "Keresztes, Zoltan"]
[Black "Retkes, Sandor"]
[Result "0-1"]
[WhiteElo "1864"]
[BlackElo "1934"]
[PlyCount "80"]
[EventDate "2023.10.08"]
[EventType "team-tourn"]
[EventRounds "9"]
[EventCountry "HUN"]
[Source "chess.hu"]
[WhiteTeam "TAKISZ SE"]
[BlackTeam "Meritum Egyesulet"]
[WhiteTeamCountry "HUN"]
[BlackTeamCountry "HUN"]

1. d4 d6 2. Nf3 c6 3. e4 Qc7 4. Be2 Nf6 5. Nc3 e5 6. O-O Be7 7. h3 Nbd7 8. Be3
O-O 9. Qd2 Re8 10. Rfe1 a5 11. a4 Bf8 12. Bc4 h6 13. Bb3 Rb8 14. Rad1 b5 15.
axb5 cxb5 16. dxe5 dxe5 17. Nd5 Nxd5 18. Bxd5 Nf6 19. Qe2 Nxd5 20. exd5 Bd6 21.
c3 Bd7 22. Qc2 Qc8 23. Nd2 e4 24. c4 Bxh3 25. Nxe4 Qg4 26. f3 Qg6 27. Qf2 Rxe4
28. fxe4 Bg3 29. Qf1 Bxe1 30. Rxe1 bxc4 31. Bd4 Rb3 32. Bc3 a4 33. Re3 Qb6 34.
Qf2 Bg4 35. e5 h5 36. Re4 Qxf2+ 37. Kxf2 a3 38. Rxc4 axb2 39. Bxb2 Rxb2+ 40.
Kg3 Re2 0-1

[Event "NB II. Toth Laszlo csoport"]
[Site "Szeged"]
[Date "2023.10.08"]
[Round "1.6"]
[White "Berczi, Peter"]
[Black "Marton, Attila"]
[Result "1-0"]
[WhiteElo "1910"]
[BlackElo "1796"]
[PlyCount "63"]
[EventDate "2023.10.08"]
[EventType "team-tourn"]
[EventRounds "9"]
[EventCountry "HUN"]
[Source "chess.hu"]
[WhiteTeam "Meritum Egyesulet"]
[BlackTeam "TAKISZ SE"]
[WhiteTeamCountry "HUN"]
[BlackTeamCountry "HUN"]

1. c4 e5 2. g3 Nf6 3. Bg2 c6 4. d4 e4 5. a3 d5 6. Nc3 Bf5 7. Qb3 Qd7 8. Bg5 Be6
9. Bxf6 gxf6 10. cxd5 cxd5 11. e3 Nc6 12. Nge2 Bh6 13. O-O O-O 14. Qb5 Rfc8 15.
Rfc1 Ne7 16. Qxd7 Bxd7 17. a4 a5 18. Bf1 Rc7 19. Nxe4 Rxc1 20. Nxf6+ Kg7 21.
Nh5+ Kg6 22. Nhf4+ Bxf4 23. Nxf4+ Kf5 24. Rxc1 Bxa4 25. Rc7 Kf6 26. Rxb7 Rc8
27. Nh5+ Kg6 28. Rxe7 Kxh5 29. Rxf7 Rc1 30. Kg2 Bc2 31. Be2+ Kg6 32. Rd7 1-0

[Event "NB II. Toth Laszlo csoport"]
[Site "Szeged"]
[Date "2023.10.08"]
[Round "1.7"]
[White "Meljan, David"]
[Black "Havasi, Gergely Bulcsu"]
[Result "1/2-1/2"]
[WhiteElo "1792"]
[BlackElo "1776"]
[PlyCount "84"]
[EventDate "2023.10.08"]
[EventType "team-tourn"]
[EventRounds "9"]
[EventCountry "HUN"]
[Source "chess.hu"]
[WhiteTeam "TAKISZ SE"]
[BlackTeam "Meritum Egyesulet"]
[WhiteTeamCountry "HUN"]
[BlackTeamCountry "HUN"]

1. d4 e6 2. c4 d5 3. Nc3 Nf6 4. Bg5 Be7 5. e3 O-O 6. Nf3 h6 7. Bh4 b6 8. Be2
Bb7 9. O-O Nbd7 10. Rc1 Rc8 11. Qa4 a6 12. cxd5 b5 13. Qc2 Nxd5 14. Bxe7 Qxe7
15. a4 Nxc3 16. bxc3 c6 17. c4 c5 18. axb5 axb5 19. cxb5 cxd4 20. Qd2 dxe3 21.
Qxe3 Nf6 22. Ne5 Nd5 23. Qd4 Qg5 24. Nc6 Nf4 25. Bf3 Bxc6 26. Rxc6 Qxg2+ 27.
Bxg2 Ne2+ 28. Kh1 Nxd4 29. Rxc8 Rxc8 30. b6 Rb8 31. b7 Nb3 32. Rb1 Nc5 33. Rc1
Nxb7 34. Rb1 Rd8 35. Bxb7 f5 36. Kg2 Kf7 37. Ba6 Kf6 38. Rb6 Rd4 39. Be2 Re4
40. Bf3 Re5 41. Rb7 Rc5 42. Bh5 g6 1/2-1/2

[Event "NB II. Toth Laszlo csoport"]
[Site "Szeged"]
[Date "2023.10.08"]
[Round "1.8"]
[White "Vadkerti, Vince"]
[Black "Kovacs, Laszlo"]
[Result "1-0"]
[WhiteElo "1771"]
[BlackElo "1827"]
[PlyCount "55"]
[EventDate "2023.10.08"]
[EventType "team-tourn"]
[EventRounds "9"]
[EventCountry "HUN"]
[Source "chess.hu"]
[WhiteTeam "Meritum Egyesulet"]
[BlackTeam "TAKISZ SE"]
[WhiteTeamCountry "HUN"]
[BlackTeamCountry "HUN"]

1. e4 c5 2. c3 d5 3. exd5 Qxd5 4. d4 cxd4 5. cxd4 Nc6 6. Nf3 Nf6 7. Nc3 Qa5 8.
d5 Nb4 9. Bb5+ Bd7 10. Bxd7+ Nxd7 11. O-O g6 12. Be3 Bg7 13. a3 Na6 14. Bd4 O-O
15. Bxg7 Kxg7 16. Qd4+ Kg8 17. Qh4 f6 18. Nd4 Rf7 19. Ne6 Rc8 20. Rac1 Re8 21.
Rc2 Ne5 22. f4 Qb6+ 23. Kh1 Nd7 24. Rf3 Nf8 25. f5 Qd6 26. Rg3 Qe5 27. Re2 Qxf5
28. Rf3 1-0